LEADER 00995nam a2200277 i 4500 001 000000136525 003 CaOOAMICUS 005 20050329000000.0 008 050329s1987 it u000 u ita u 013 $a110227 020 $a88-18-06025-2 040 $aSeMil$bita 100 1 $aAltomonte, Antonio.$0(OLS)http://semarc/name/41371 245 12$aI cani tiranni :$bromanzo /$cAntonio Altomonte. 260 $aMilano :$bRusconi,$c1987. 300 $a302 p. ;$c22 cm. 490 0 $aNarrativa Rusconi 500 $aFondo Card. C.M. Martini. 830 0$aNarrativa Rusconi.$0(OLS)http://semarc/title/7305 850 $aSeMil 852 $aSeMil$W1$xVenegono$y1$m1O VI 103$j90119$B90119$CSeMilBibl$Z2$F94977 $81 941 1 $a4 961 $aOmaggio: Martini Card. Carlo Maria 996 $6020$a88-18-06025-2$9(OLS)http://semarc/number/124032 996 $6245$aI cani tiranni :$bromanzo$9(OLS)http://semarc/title/199467 996 $6260$aMilano :$bRusconi$9(OLS)http://semarc/publisher/30258 LEADER 00942nam a2200205 i 4500 001 000000028170 003 CaOOAMICUS 005 20180830125448.0 008 180830s1832 it u000 u ita u 040 $aSeMil$bita 100 1 $aZallinger zum Thurn, Jakob Anton,$d<1735-1813>.$0(OLS)http://semarc/name/12874 245 10$aInstitutiones juris ecclesiastici maxime privati ordine decretalium /$cauctore Jac. Ant. Zallinger ad Turrim. 260 $aRomae :$bin Collegio Urbano,$c1832. 300 $a3 v. ;$c21 cm. 650 4$aDiritto ecclesiastico.$0(OLS)http://semarc/subject/933 774 0 $tLiber 1. Decretalium ; [Liber 2.].$g1$w()58699 774 0 $tLiber 5. Decretalium.$g3$w()219082 774 0 $tLiber 3. Decretalium ; [Liber 4.].$g2$w()219083 996 $6245$aInstitutiones juris ecclesiastici maxime privati ordine decretalium$9(OLS)http://semarc/title/38220 996 $6260$aRomae :$bin Collegio Urbano$9(OLS)http://semarc/publisher/37647